Statistics for Most populous city in each timezone

Click here to take the quiz!

General Stats

  • This quiz has been taken 98 times
    (74 since last reset)
  • The average score is 25 of 37

Answers on the Map

Answers color-coded by a green-red scale on the quiz's map according to % correct below.
 

Answer Stats

UTCPopulation% Correct
UTC+014,8 MLondon
99%
UTC-523 MNew York
99%
UTC+317,4 MMoscow
97%
UTC+221,9 MCairo
96%
UTC-624,7 MMexico
96%
UTC+105,45 MSydney
96%
UTC+940.5 MTokyo
96%
UTC-817,5 MLos Angeles
94%
UTC-48 MSantiago
93%
UTC-322,7 MSao Paulo
93%
UTC+5:3032,4 MDelhi
91%
UTC+46,05 MDubai
90%
UTC+732,1 MJakarta
90%
UTC+3:3015,8 MTehran
90%
UTC+120,7 MLagos
89%
UTC-73,875 MDenver
87%
UTC+121,4 MAuckland
86%
UTC+4:304,625 MKabul
84%
UTC+620,9 MDhaka
83%
UTC-101,010 MHonolulu
83%
UTC+5:453,025 MKathmandu
83%
UTC+865,1 MGuangzhou
81%
UTC+518,6 MKarachi
80%
UTC-9288 121Anchorage
74%
UTC+9:301.38 MAdelaide
70%
UTC+6:305,85 MYangon
63%
UTC-1137 868Praia
60%
UTC+1337 708Apia
50%
UTC-3:30214 674St. John's
50%
UTC+8:4581Eucla
9%
UTC-23 140Fernando de Noronha
7%
UTC+12:45177Waitangi
7%
UTC+10:30381Lord Howe island
6%
UTC+11200 235Ioujno-Sakhalinsk
3%
UTC+143 001Tabwakea
3%
UTC-117 988Tafuna
3%
UTC-9:302 183Taiohae
3%

Score Distribution

Percentile by Number Answered

Percent of People with Each Score

Your Score History

You have not taken this quiz since the last reset